000 00331pab a2200145 454500
008 180718b1987 xxu||||| |||| 00| 0 eng d
100 _aSocrates, George
245 _aThe new Wages Act
260 _c1987
300 _a20-1
362 _aApr.
650 _aWages - Legislation
773 _aManagement Services
909 _a20535
999 _c20535
_d20535